000 01633cam a22002054a 4500
005 20250605164001.0
008 250528s ||||||||||||||||||||||||d
035 _a15653
020 _a9602095822
040 _aGR-AtMCL
_bgre
_dGR-AtMCL
_eAACR2
245 1 _aΔιοίκηση Εκμετάλλευσης / Operations Management
260 _bΚλειδάριθμος,
_c2005
300 _a560
520 _aΣτα θέματα που καλύπτει το βιβλίο περιλαμβάνεται η κατανόηση και ο έλεγχος των κύριων παραγόντων για οποιαδήποτε επιχειρηματική δραστηριότητα όπως το κόστος, η ποιότητα, η ταχύτητα παράδοσης και η ευελιξία. Ο Σκοπός της Διοίκησης Παραγωγής και Εκμετάλευσης, Λήψη Αποφάσεων: Έννοιες και Εργαλεία, Προβλέψεις, Γεωγραφική Επιλογή Εγκαταστάσεων, Σχεδιασμός του Συστήματος Εργασίας και Μέτρηση Εργασίας, Σχεδιασμός και Χωροταξίας Εγκαταστάσεων, Διαχείριση Αποθεμάτων, Επενδυτικές Αποφάσεις για τις Εγκαταστάσεις, Διαχείριση Έργου, Σειρές Αναμονής και Ουρές, Διασφάλιση Ποιότητας, Γλωσσάρι, Ευρετήριο.
700 1 _aShim Jae K
_9907
700 1 _aSiegel Joel G
_9908
942 _cBK
999 _c1217
_d1217